| 000 | 01137nam a2200241Ia 4500 | ||
|---|---|---|---|
| 999 |
_c37921 _d37921 |
||
| 001 | 3899 | ||
| 003 | GE_BSU | ||
| 005 | 20190530184013.0 | ||
| 008 | 181216s1983||||ge |||||||||||||| ||geo|| | ||
| 040 | _cGE_BSU | ||
| 041 | _ageo | ||
| 080 | _a51(076.1) ქ–37 | ||
| 100 |
_aქელბაქიანი, ვ. მ _91868 |
||
| 245 |
_aმათემატიკის ამოცანათა კრებული : მეთოდური მითითები / _cვ. ქელბაქიანი ; თ. მოხალიშვილი ; ა. ახვლედიანი ; რედ : ნ.გვანცელაძე ; რ.დანელია. |
||
| 264 |
_aთბილისი : _bგანათლება, _c1983. |
||
| 300 |
_a395 გვ .: _c22 სმ. |
||
| 653 | _aმათემატიკა | ||
| 700 |
_aმოხალიშვილი, თ _91869 |
||
| 700 |
_aახვლედიანი, ა _91870 |
||
| 700 |
_aგვანცელაძე, ნ _eრედაქტორი _91871 |
||
| 700 |
_aდანელია, რ _eრედაქტორი _91505 |
||
| 942 |
_cBK _2udc |
||